Travis Scott songs - Statistics

General Stats
  • This quiz has been taken 128 times
    119 since last reset
  • The average score is 58 of 102
Answer Stats
Hint Answer % Correct
Rodeo 90210
86%
Huncho Jack, Jack Huncho Go
85%
Rodeo 3500
82%
ASTROWORLD SICKO MODE
82%
Rodeo Nightcrawler
81%
Rodeo Apple Pie
79%
UTOPIA FE!N
79%
Birds in the Trap Sing McKnight goosebumps
79%
Rodeo Pornography
78%
ASTROWORLD STARGAZING
78%
ASTROWORLD COFFEE BEAN
75%
ASTROWORLD HOUSTONFORNICATION
75%
UTOPIA HYAENA
75%
Rodeo Maria I'm Drunk
75%
UTOPIA MY EYES
75%
ASTROWORLD NC-17
75%
ASTROWORLD SKELETONS
75%
ASTROWORLD CAN'T SAY
74%
ASTROWORLD 5% TINT
73%
ASTROWORLD CAROUSEL
73%
Days Before Rodeo Drugs You Should Try It
73%
ASTROWORLD R.I.P. SCREW
71%
UTOPIA THANK GOD
71%
ASTROWORLD WAKE UP
71%
Rodeo Antidote
70%
Rodeo Impossible
70%
Days Before Rodeo Mamacita
70%
UTOPIA MODERN JAM
70%
Birds in the Trap Sing McKnight way back
70%
ASTROWORLD BUTTERFLY EFFECT
68%
UTOPIA MELTDOWN
68%
ASTROWORLD NO BYSTANDERS
68%
ASTROWORLD STOP TRYING TO BE GOD
68%
UTOPIA TIL FURTHER NOTICE
68%
ASTROWORLD ASTROTHUNDER
67%
UTOPIA CIRCUS MAXIMUS
67%
UTOPIA K-POP
67%
UTOPIA TOPIA TWINS
67%
ASTROWORLD WHO? WHAT!
67%
UTOPIA GOD'S COUNTRY
66%
Birds in the Trap Sing McKnight pick up the phone
66%
Rodeo Piss on Your Grave
66%
UTOPIA SIRENS
66%
UTOPIA TELEKINESIS
66%
ASTROWORLD YOSEMITE
66%
UTOPIA I KNOW ?
64%
UTOPIA PARASAIL
64%
Rodeo Oh My Dis Side
63%
Birds in the Trap Sing McKnight the ends
63%
Owl Pharaoh Quintana
62%
UTOPIA SKITZO
62%
Days Before Rodeo Skyfall
60%
Birds in the Trap Sing McKnight beibs in the trap
59%
Birds in the Trap Sing McKnight coordinate
59%
Rodeo Pray 4 Love
59%
Birds in the Trap Sing McKnight sdp interlude
58%
Days Before Rodeo Basement Freestyle
56%
Days Before Rodeo Days Before Rodeo: The Prayer
56%
UTOPIA DELRESTO (ECHOES)
56%
UTOPIA LOST FOREVER
56%
Days Before Rodeo Zombies
56%
Rodeo I Can Tell
55%
UTOPIA LOOOVE
55%
Days Before Rodeo Quintana Pt. 2
55%
Birds in the Trap Sing McKnight wonderful
55%
Days Before Rodeo Backyard
53%
Rodeo Flying High
53%
Days Before Rodeo BACC
52%
Birds in the Trap Sing McKnight guidance
52%
Huncho Jack, Jack Huncho Saint
52%
Birds in the Trap Sing McKnight sweet sweet
52%
Huncho Jack, Jack Huncho Black & Chinese
51%
Birds in the Trap Sing McKnight through the late night
51%
Owl Pharaoh Upper Echelon
51%
Rodeo Wasted
51%
Birds in the Trap Sing McKnight lose
49%
Days Before Rodeo Grey
48%
Birds in the Trap Sing McKnight first take
47%
Birds in the Trap Sing McKnight outside
47%
Days Before Rodeo Sloppy Toppy
45%
Huncho Jack, Jack Huncho Huncho Jack
42%
Days Before Rodeo Don't Play
41%
Huncho Jack, Jack Huncho Dubai Shit
41%
Huncho Jack, Jack Huncho Modern Slavery
41%
Owl Pharaoh Hell of a Night
38%
Huncho Jack, Jack Huncho Motorcycle Patches
36%
Huncho Jack, Jack Huncho Saint Laurent Mask
32%
Huncho Jack, Jack Huncho Eye 2 Eye
29%
Huncho Jack, Jack Huncho Moon Rock
27%
Huncho Jack, Jack Huncho How U Feel
26%
Owl Pharaoh Bad Mood /Shit on You
25%
Owl Pharaoh Meadow Creek
23%
Owl Pharaoh MIA
23%
Huncho Jack, Jack Huncho Where U From
23%
Huncho Jack, Jack Huncho Best Man
22%
Owl Pharaoh Dance on the Moon
21%
Owl Pharaoh Uptown
21%
Owl Pharaoh Bandz
19%
Owl Pharaoh Chaz Interlude
18%
Owl Pharaoh Drive
15%
Owl Pharaoh Naked
15%
Owl Pharaoh Blocka La Flame
11%
No matching quizzes found
Score Distribution
Percent of People with Each Score
Percentile by Number Answered
Your Score History
You have not taken this quiz since the last reset